000 00612nam a2200241Ia 4500
003 OSt
005 20221007072409.0
006 a|||||r|||| 00| 0
007 ta
008 221006b |||||||| |||| 00| 0 eng d
024 _a19,112
037 _cTextual
040 _aFLL
_cFLL
_beng
041 _2eng
_aeng
082 _aZ:883b3, E5
100 _aHarris Richard
245 0 _aIllustrations in advocacy
250 _a5th
260 _aLondon
_bStevens and Haynes India
_c1915
300 _a261p
_ccm.
942 _hZ:883b3, E5
_cTEXL
_2CC
999 _c1145966
_d1145966